Countries that Start with S - Sudden Death - Statistics

General Stats
  • This quiz has been taken 270 times
  • The average score is 21 of 26
Answers on the Grid
Answers color-coded by a green-red scale on the quiz's grid according to % correct below.
Sacramento
Saint John's
Saint Kitts and Nevis
Saint Lucia
Saint Petersburg
Saint Pierre and Miquelon
Saint Vincent and the Grenadines
Saipan
Samoa
San José
San Juan
San Marino
Santiago
Santo Domingo
Sao Tome and Principe
Sarajevo
Saskatchewan
Saudi Arabia
Sava
Savannah
Scotland
Senegal
Seoul
Serbia
Seychelles
Sierra Leone
Sierra Madre
Singapore
Skopje
Slovakia
Slovenia
Sochi
Sofia
Solomon Islands
Somalia
South Africa
South America
South Carolina
South Georgia
South Korea
South Sudan
Spain
Sparta
Sri Lanka
Stockholm
Sudan
Suriname
Suva
Swansea
Sweden
Switzerland
Syria
 
Answer Stats
Answer % Correct
Saint Kitts and Nevis
91%
Saint Lucia
89%
Samoa
89%
San Marino
87%
Saudi Arabia
87%
Saint Vincent and the Grenadines
85%
Sao Tome and Principe
79%
Senegal
79%
Serbia
79%
Singapore
78%
Slovakia
78%
Slovenia
78%
South Africa
78%
Sri Lanka
78%
Seychelles
77%
Sierra Leone
77%
South Sudan
77%
Spain
77%
Sudan
77%
Sweden
77%
Somalia
76%
South Korea
76%
Switzerland
76%
Syria
76%
Suriname
74%
Solomon Islands
73%
No matching quizzes found
Score Distribution
Percent of People with Each Score
Percentile by Number Answered
Your Score History
You have not taken this quiz